01431nam a22003857a 4500003000400000005001700004008004100021040002200062082001700084100005300101245001400154260007800168300001900246366000800265490002400273505002100297505002600318505002200344505008100366505007100447505005800518505002800576505001600604505003500620505002400655505002400679505002500703650004100728650005000769650004300819650004800862650004300910650004400953650004800997OSt20230518104916.0221006b |||||||| |||| 00| 0 eng d cBiblioteca Lado V a701.1bS744a aSrendni de Birbragher, Celiaeeditoraedirectora aArtNexus/ bAsociación de Revistas Culturalesc2018aCanadaaAmerica LatinaaBrasil c24x30cma145p. espa a108v17x0120 713 X tEduardo Basualdo tPacific Standard Time tMujeres Radicales tExposicionaEn el horizonte: Arte Cubano contemporáneo Ana Maria Maiolino tColeccion de arteaJuan Carlos Maldonado IX Premio Luis Caballero tPrimer PlanoaLos Carpinteros Juan Manuel Echeverria tCrónicas Individuales tColectivas  tGuía de Galerías y Museos  tLIbros y Catalogos  tReseñas de libros tLibros para la Venta 2Tesauro de Arte & ArquitecturaaARTE 2Tesauro de Arte & ArquitecturaaEXPOSICIONES  2Tesauro de Arte & ArquitecturaaBIENAL 2Tesauro de Arte & ArquitecturaaAPRECIACION 2Tesauro de Arte & ArquitecturaaTEORIA 2Tesauro de Arte & ArquitecturaaCRITICA 2Tesauro de Arte & ArquitecturaaFOTOGRAFIA